[Event "DEM U18 2023"]
[Site "Willingen GER"]
[Date "2023.06.02"]
[Round "8"]
[White "Laux, Dominik"]
[Black "Eull, Emil"]
[Result "1-0"]
[Termination "normal"]
[Board "7"]
[WhiteTitle "FM"]
[WhiteElo "2297"]
[BlackElo "1937"]
[WhiteClock "00:15:56"]
[BlackClock "00:01:13"]
[PlyCount "69"]
[WhiteFideId "12994219"]
[BlackFideId "16253809"]
[EventCountry "GER"]
[EventRounds "9"]
[EventType "swiss"]
[EventDate "2023.05.27"]

1. e4 {[%emt 0:00:12]} c6 {[%emt 0:00:07]} 2. d4 {[%emt 0:00:11]} d5 {[%emt
0:00:07]} 3. e5 {[%emt 0:00:06]} Bf5 {[%emt 0:00:04]} 4. Nf3 {[%emt 0:00:23]}
e6 {[%emt 0:00:06]} 5. Be2 {[%emt 0:00:12]} c5 {[%emt 0:00:06]} 6. O-O {[%emt
0:00:16]} Nc6 {[%emt 0:00:16]} 7. c3 {[%emt 0:00:18]} cxd4 {[%emt 0:00:12]} 8.
Nxd4 {[%emt 0:00:09]} Nge7 {[%emt 0:00:16]} 9. Nxf5 {[%emt 0:00:05]} Nxf5
{[%emt 0:00:12]} 10. Bd3 {[%emt 0:00:03]} d4 {[%emt 0:13:09]} 11. Qe2 {[%emt
0:13:10]} Qc7 {[%emt 0:17:49]} 12. Re1 {[%emt 0:10:24]} Be7 {[%emt 0:02:50]}
13. a3 {[%emt 0:13:05]} Rd8 {[%emt 0:08:39]} 14. c4 {[%emt 0:02:58]} a5 {[%emt
0:01:38]} 15. Nd2 {[%emt 0:04:10]} O-O {[%emt 0:07:28]} 16. Nf3 {[%emt
0:01:36]} a4 {[%emt 0:19:52]} 17. g4 Nh4 18. Nxh4 Bxh4 19. Qe4 {[%emt 0:00:30]}
f5 {[%emt 0:06:00]} 20. gxf5 {[%emt 0:02:32]} Bxf2+ {[%emt 0:00:31]} 21. Kxf2
{[%emt 0:00:07]} Rxf5+ {[%emt 0:00:16]} 22. Kg1 {[%emt 0:02:10]} Rdf8 {[%emt
0:03:02]} 23. Bd2 {[%emt 0:09:11]} Nxe5 {[%emt 0:06:33]} 24. Bf4 {[%emt
0:04:54]} Rg5+ {[%emt 0:05:23]} 25. Kh1 {[%emt 0:04:46]} Nxd3 {[%emt 0:06:51]}
26. Qxe6+ {[%emt 0:02:33]} Kh8 {[%emt 0:00:08]} 27. Bxg5 {[%emt 0:00:08]} Nxe1
{[%emt 0:02:19]} 28. Rxe1 {[%emt 0:00:06]} d3 {[%emt 0:02:16]} 29. Qd5 {[%emt
0:04:53]} h6 {[%emt 0:01:30]} 30. Bd2 {[%emt 0:02:12]} Rd8 {[%emt 0:00:55]} 31.
Qe6 {[%emt 0:02:06]} b5 {[%emt 0:01:20]} 32. cxb5 {[%emt 0:02:06]} Qb7+ {[%emt
0:01:00]} 33. Qc6 {[%emt 0:00:14]} Qf7 {[%emt 0:00:09]} 34. b6 {[%emt 0:02:38]}
Rd5 {[%emt 0:00:42]} 35. Qe8+ {[%emt 0:00:07]normal} 1-0

[Event "DEM U18 2023"]
[Site "Willingen GER"]
[Date "2023.06.02"]
[Round "8"]
[White "Spriestersbach, Kai"]
[Black "Müller, Magnus"]
[Result "1/2-1/2"]
[Termination "normal"]
[Board "8"]
[WhiteElo "2230"]
[BlackElo "2210"]
[WhiteClock "00:12:47"]
[BlackClock "00:03:08"]
[PlyCount "76"]
[WhiteFideId "16269985"]
[BlackFideId "16230060"]
[EventCountry "GER"]
[EventRounds "9"]
[EventType "swiss"]
[EventDate "2023.05.27"]

1. e4 e5 {[%emt 0:00:37]} 2. Nf3 {[%emt 0:00:06]} Nc6 {[%emt 0:00:07]} 3. Bb5
{[%emt 0:00:06]} a6 {[%emt 0:01:08]} 4. Ba4 {[%emt 0:00:06]} Nf6 {[%emt
0:01:25]} 5. d3 {[%emt 0:02:21]} Bc5 {[%emt 0:00:07]} 6. Nc3 {[%emt 0:09:37]}
b5 {[%emt 0:07:39]} 7. Bb3 {[%emt 0:00:41]} h6 {[%emt 0:02:06]} 8. Nd5 {[%emt
0:06:16]} d6 {[%emt 0:05:45]} 9. c3 {[%emt 0:03:52]} Be6 {[%emt 0:12:33]} 10.
O-O {[%emt 0:02:50]} Ba7 {[%emt 0:08:55]} 11. Re1 {[%emt 0:01:57]} O-O {[%emt
0:02:17]} 12. a4 {[%emt 0:07:50]} Re8 {[%emt 0:03:17]} 13. Be3 {[%emt 0:07:08]}
Bxd5 {[%emt 0:15:39]} 14. Bxd5 Nxd5 15. exd5 Bxe3 16. fxe3 Ne7 17. e4 c6 {[%emt
0:10:57]} 18. axb5 {[%emt 0:14:48]} axb5 {[%emt 0:02:40]} 19. Rxa8 {[%emt
0:05:44]} Qxa8 {[%emt 0:00:04]} 20. dxc6 {[%emt 0:00:08]} Qxc6 {[%emt 0:00:26]}
21. Qb3 {[%emt 0:01:20]} Ng6 {[%emt 0:01:18]} 22. g3 {[%emt 0:00:42]} Rf8
{[%emt 0:01:00]} 23. Rf1 {[%emt 0:04:00]} Kh8 {[%emt 0:01:31]} 24. Ne1 {[%emt
0:01:06]} Qc5+ {[%emt 0:01:58]} 25. Kh1 {[%emt 0:00:28]} Qe3 {[%emt 0:05:19]}
26. Qc2 {[%emt 0:00:15]} Ra8 {[%emt 0:04:07]} 27. Ng2 {[%emt 0:02:21]} Qc5
{[%emt 0:00:03]} 28. Qd2 {[%emt 0:03:59]} Ra2 {[%emt 0:04:36]} 29. Ne3 {[%emt
0:01:12]} Qa3 {[%emt 0:01:36]} 30. Rf2 {[%emt 0:00:12]} Qb3 {[%emt 0:00:52]}
31. Kg2 {[%emt 0:02:39]} Ra1 {[%emt 0:00:34]} 32. Qc2 {[%emt 0:05:24]} Qe6
{[%emt 0:00:29]} 33. c4 {[%emt 0:01:07]} Nf4+ {[%emt 0:02:01]} 34. gxf4 {[%emt
0:04:13]} Qg6+ {[%emt 0:00:04]} 35. Kh3 {[%emt 0:00:42]} Qh5+ {[%emt 0:00:06]}
36. Kg3 {[%emt 0:00:07]} Qg6+ {[%emt 0:00:57]} 37. Kh3 {[%emt 0:01:34]} Qh5+
{[%emt 0:00:05]} 38. Kg3 {[%emt 0:00:06]} Qg6+ {[%emt 0:01:36]} 1/2-1/2

[Event "DEM U18 2023"]
[Site "Willingen GER"]
[Date "2023.06.02"]
[Round "8"]
[White "Pikalow, Michael"]
[Black "Bui, Bao Anh Le"]
[Result "0-1"]
[Termination "normal"]
[Board "9"]
[WhiteElo "2147"]
[BlackElo "2136"]
[WhiteClock "00:01:04"]
[BlackClock "00:12:20"]
[PlyCount "98"]
[WhiteFideId "16227638"]
[BlackFideId "12970719"]
[EventCountry "GER"]
[EventRounds "9"]
[EventType "swiss"]
[EventDate "2023.05.27"]

1. e4 {[%emt 0:00:06]} c5 {[%emt 0:01:22]} 2. Nf3 {[%emt 0:00:06]} e6 {[%emt
0:01:14]} 3. d4 {[%emt 0:01:14]} cxd4 {[%emt 0:00:11]} 4. Nxd4 {[%emt 0:00:04]}
Nc6 {[%emt 0:00:17]} 5. Nc3 {[%emt 0:01:26]} Qc7 {[%emt 0:01:02]} 6. g3 {[%emt
0:05:58]} a6 {[%emt 0:01:42]} 7. Bg2 {[%emt 0:00:08]} Nf6 {[%emt 0:05:25]} 8.
O-O {[%emt 0:02:18]} Nxd4 {[%emt 0:05:37]} 9. Qxd4 {[%emt 0:00:05]} Bc5 {[%emt
0:00:22]} 10. Qd3 {[%emt 0:01:14]} Ng4 {[%emt 0:02:16]} 11. Qe2 {[%emt
0:22:44]} h5 {[%emt 0:06:25]} 12. Bf4 {[%emt 0:08:00]} Ne5 {[%emt 0:06:55]} 13.
Be3 {[%emt 0:03:13]} b5 {[%emt 0:06:30]} 14. a4 {[%emt 0:08:44]} b4 {[%emt
0:02:33]} 15. Nd1 {[%emt 0:00:33]} a5 {[%emt 0:01:39]} 16. Bxc5 Qxc5 17. Qe3
Qxc2 {[%emt 0:05:01]} 18. Qd4 {[%emt 0:10:34]} f6 {[%emt 0:01:55]} 19. Ne3
{[%emt 0:03:33]} Qd3 {[%emt 0:03:51]} 20. Qc5 {[%emt 0:01:01]} d6 {[%emt
0:03:28]} 21. Qc7 {[%emt 0:01:02]} O-O {[%emt 0:01:58]} 22. Rad1 {[%emt
0:06:55]} Qb3 {[%emt 0:00:30]} 23. Rxd6 {[%emt 0:01:02]} Qxb2 {[%emt 0:05:16]}
24. f4 {[%emt 0:03:52]} Nf7 {[%emt 0:01:16]} 25. Rf2 {[%emt 0:05:57]} Qb1+
{[%emt 0:04:24]} 26. Rd1 {[%emt 0:00:50]} Qb3 {[%emt 0:00:05]} 27. e5 {[%emt
0:00:46]} Ra6 {[%emt 0:00:53]} 28. Bf1 {[%emt 0:00:45]} Qxe3 {[%emt 0:02:27]}
29. Bxa6 {[%emt 0:00:02]} Bxa6 {[%emt 0:00:10]} 30. Qxa5 {[%emt 0:00:33]} Qb3
{[%emt 0:06:12]} 31. Re1 {[%emt 0:02:55]} Qc3 {[%emt 0:01:02]} 32. Rb1 {[%emt
0:00:43]} Qc6 {[%emt 0:02:52]} 33. Qxb4 {[%emt 0:00:36]} Nd8 {[%emt 0:00:04]}
34. Qb6 {[%emt 0:00:37]} Qe4 {[%emt 0:01:23]} 35. Qb4 {[%emt 0:00:37]} Qf5
{[%emt 0:06:32]} 36. Re1 {[%emt 0:00:39]} Bb7 {[%emt 0:00:40]} 37. Rd2 {[%emt
0:00:29]} Bd5 {[%emt 0:01:04]} 38. a5 {[%emt 0:00:33]} Qg4 {[%emt 0:01:54]} 39.
Rf2 {[%emt 0:00:32]} fxe5 {[%emt 0:00:22]} 40. Rxe5 {[%emt 0:00:14]} Nc6 {[%emt
0:00:17]} 41. Qc3 {[%emt 0:07:03]} Nxe5 {[%emt 0:00:09]} 42. Qxe5 {[%emt
0:00:12]} Qd1+ {[%emt 0:00:14]} 43. Rf1 {[%emt 0:00:06]} Qd2 {[%emt 0:00:30]}
44. Rf2 {[%emt 0:00:14]} Qxa5 {[%emt 0:00:30]} 45. f5 {[%emt 0:03:08]} Qc5
{[%emt 0:00:04]} 46. g4 {[%emt 0:04:29]} hxg4 {[%emt 0:00:11]} 47. f6 {[%emt
0:00:43]} Rxf6 {[%emt 0:00:34]} 48. Qb8+ {[%emt 0:00:03]} Kh7 {[%emt 0:00:12]}
49. Qb1+ {[%emt 0:00:06]} Kh6 {[%emt 0:00:14]} 0-1

[Event "DEM U18 2023"]
[Site "Willingen GER"]
[Date "2023.06.02"]
[Round "8"]
[White "Lutz, Ruben"]
[Black "Matthäi, Jakob"]
[Result "1/2-1/2"]
[Termination "normal"]
[Board "10"]
[WhiteElo "2211"]
[BlackElo "2046"]
[WhiteClock "00:34:16"]
[BlackClock "00:31:53"]
[PlyCount "59"]
[WhiteFideId "12975974"]
[BlackFideId "16240421"]
[EventCountry "GER"]
[EventRounds "9"]
[EventType "swiss"]
[EventDate "2023.05.27"]

1. d4 {[%emt 0:00:01]} Nf6 {[%emt 0:00:08]} 2. Nf3 {[%emt 0:00:04]} e6 {[%emt
0:00:04]} 3. Bg5 {[%emt 0:00:05]} Be7 {[%emt 0:02:15]} 4. Nbd2 {[%emt 0:00:25]}
d5 {[%emt 0:00:21]} 5. e3 {[%emt 0:00:05]} O-O {[%emt 0:01:03]} 6. Bd3 {[%emt
0:00:05]} h6 {[%emt 0:04:02]} 7. Bh4 {[%emt 0:00:05]} c5 {[%emt 0:02:34]} 8. c3
{[%emt 0:00:08]} Nc6 {[%emt 0:04:17]} 9. O-O {[%emt 0:01:54]} Nd7 {[%emt
0:02:18]} 10. Bxe7 {[%emt 0:21:01]} Qxe7 {[%emt 0:00:53]} 11. Re1 {[%emt
0:00:05]} c4 {[%emt 0:05:07]} 12. Bc2 {[%emt 0:00:03]} f5 {[%emt 0:00:13]} 13.
b3 {[%emt 0:00:03]} cxb3 {[%emt 0:06:10]} 14. Bxb3 {[%emt 0:03:16]} b5 {[%emt
0:11:05]} 15. a4 {[%emt 0:00:06]} b4 {[%emt 0:00:54]} 16. c4 {[%emt 0:01:32]}
dxc4 {[%emt 0:04:09]} 17. Nxc4 {[%emt 0:17:01]} Nf6 {[%emt 0:04:18]} 18. a5
{[%emt 0:01:30]} Bd7 {[%emt 0:22:53]} 19. Qd3 Rfc8 {[%emt 0:01:10]} 20. Ncd2
{[%emt 0:08:14]} Kh8 {[%emt 0:02:49]} 21. e4 {[%emt 0:02:02]} Qd8 {[%emt
0:01:22]} 22. exf5 {[%emt 0:03:37]} exf5 {[%emt 0:00:16]} 23. d5 {[%emt
0:09:21]} Nxa5 {[%emt 0:01:31]} 24. Ne5 {[%emt 0:00:12]} Rc3 {[%emt 0:08:04]}
25. Qa6 {[%emt 0:02:37]} Nxb3 {[%emt 0:04:10]} 26. Nf7+ {[%emt 0:00:35]} Kh7
{[%emt 0:01:49]} 27. Nxd8 {[%emt 0:00:22]} Nxa1 {[%emt 0:00:14]} 28. Qxa1
{[%emt 0:08:23]} Rxd8 {[%emt 0:00:08]} 29. Qxa7 {[%emt 0:00:58]} Bb5 {[%emt
0:03:37]} 30. Qa5 {[%emt 0:04:28]} 1/2-1/2

[Event "DEM U18 2023"]
[Site "Willingen GER"]
[Date "2023.06.02"]
[Round "8"]
[White "Chitsazian, Daniel"]
[Black "Evering, Sören"]
[Result "1-0"]
[Termination "normal"]
[Board "11"]
[WhiteElo "1900"]
[BlackElo "2061"]
[WhiteClock "00:10:57"]
[BlackClock "00:02:43"]
[PlyCount "120"]
[WhiteFideId "34607560"]
[BlackFideId "12974650"]
[EventCountry "GER"]
[EventRounds "9"]
[EventType "swiss"]
[EventDate "2023.05.27"]

1. Nf3 {[%emt 0:00:12]} Nf6 {[%emt 0:01:00]} 2. g3 {[%emt 0:00:10]} d5 {[%emt
0:00:27]} 3. c4 {[%emt 0:00:28]} c6 {[%emt 0:02:15]} 4. Bg2 {[%emt 0:00:13]}
Bf5 {[%emt 0:01:52]} 5. Qb3 {[%emt 0:00:16]} Qc8 {[%emt 0:10:40]} 6. cxd5
{[%emt 0:04:54]} cxd5 {[%emt 0:01:06]} 7. Nc3 {[%emt 0:00:37]} e6 {[%emt
0:01:03]} 8. Nd4 {[%emt 0:02:48]} Bg6 {[%emt 0:02:34]} 9. d3 {[%emt 0:06:27]}
Bc5 {[%emt 0:07:05]} 10. Qa4+ {[%emt 0:18:03]} Nbd7 {[%emt 0:02:32]} 11. Nb3
{[%emt 0:00:30]} O-O {[%emt 0:12:20]} 12. Nxc5 {[%emt 0:03:20]} Nxc5 {[%emt
0:00:32]} 13. Qa3 {[%emt 0:00:22]} a6 {[%emt 0:12:47]} 14. Be3 {[%emt 0:01:26]}
Ncd7 {[%emt 0:03:43]} 15. Rc1 {[%emt 0:02:35]} Qd8 {[%emt 0:00:15]} 16. h3
{[%emt 0:17:34]} Ne5 17. Bf4 {[%emt 0:05:58]} Nfd7 {[%emt 0:04:37]} 18. O-O
{[%emt 0:01:49]} Qf6 {[%emt 0:02:25]} 19. Na4 {[%emt 0:04:34]} Nc6 {[%emt
0:06:18]} 20. Bd6 {[%emt 0:01:30]} Rfe8 {[%emt 0:00:34]} 21. Nc5 {[%emt
0:02:26]} Nxc5 {[%emt 0:01:16]} 22. Bxc5 {[%emt 0:00:13]} Qe5 {[%emt 0:04:31]}
23. Rfe1 {[%emt 0:05:21]} Qc7 {[%emt 0:02:28]} 24. Rc3 {[%emt 0:03:17]} Qd7
{[%emt 0:00:14]} 25. e4 {[%emt 0:02:56]} f6 {[%emt 0:02:14]} 26. f4 {[%emt
0:01:12]} d4 {[%emt 0:06:34]} 27. Rc2 {[%emt 0:00:15]} e5 {[%emt 0:02:04]} 28.
fxe5 {[%emt 0:01:23]} fxe5 {[%emt 0:00:27]} 29. Rec1 {[%emt 0:04:59]} Bf7
{[%emt 0:01:22]} 30. b3 {[%emt 0:01:45]} Rac8 {[%emt 0:02:55]} 31. Qb2 {[%emt
0:01:51]} h6 {[%emt 0:00:45]} 32. Kh2 {[%emt 0:04:23]} Ne7 {[%emt 0:00:55]} 33.
a4 {[%emt 0:00:22]} Be6 {[%emt 0:00:36]} 34. Qa3 {[%emt 0:00:49]} Rc6 {[%emt
0:01:01]} 35. a5 {[%emt 0:01:18]} Rcc8 {[%emt 0:00:05]} 36. Qb4 {[%emt
0:03:07]} Ng6 {[%emt 0:01:41]} 37. Bd6 {[%emt 0:01:38]} Rxc2 {[%emt 0:00:21]}
38. Rxc2 {[%emt 0:00:01]} Rc8 {[%emt 0:00:11]} 39. Rc5 {[%emt 0:00:13]} Rxc5
{[%emt 0:01:10]} 40. Bxc5 {[%emt 0:00:46]} Kh7 {[%emt 0:00:27]} 41. Bd6 {[%emt
0:03:01]} Qc6 {[%emt 0:08:09]} 42. Bc5 {[%emt 0:15:25]} Bd7 {[%emt 0:04:12]}
43. h4 {[%emt 0:03:39]} Bg4 {[%emt 0:07:02]} 44. Qb6 {[%emt 0:05:29]} Qxb6
{[%emt 0:01:07]} 45. axb6 {[%emt 0:01:09]} Be2 {[%emt 0:00:09]} 46. Bh3 {[%emt
0:00:10]} Bxd3 {[%emt 0:00:15]} 47. Bf5 {[%emt 0:00:04]} h5 {[%emt 0:02:11]}
48. g4 {[%emt 0:00:18]} Be2 {[%emt 0:05:05]} 49. gxh5 {[%emt 0:00:09]} Bxh5
{[%emt 0:00:07]} 50. Bc8 {[%emt 0:00:07]} d3 {[%emt 0:03:02]} 51. Be3 {[%emt
0:00:04]} Ne7 {[%emt 0:00:52]} 52. Bxb7 {[%emt 0:00:12]} a5 {[%emt 0:00:43]}
53. Ba8 {[%emt 0:00:09]} Bf7 {[%emt 0:02:23]} 54. Bd2 {[%emt 0:02:08]} Bxb3
{[%emt 0:00:04]} 55. Bxa5 {[%emt 0:00:03]} Kg6 {[%emt 0:01:23]} 56. Bd5 {[%emt
0:01:10]} Nxd5 {[%emt 0:01:29]} 57. b7 {[%emt 0:00:05]} Ne3 {[%emt 0:00:15]}
58. b8=Q {[%emt 0:00:15]} d2 {[%emt 0:00:13]} 59. Bxd2 {[%emt 0:00:08]} Nf1+
{[%emt 0:00:06]} 60. Kg1 {[%emt 0:00:02]} Nxd2 {[%emt 0:00:08]} 1-0

[Event "DEM U18 2023"]
[Site "Willingen GER"]
[Date "2023.06.02"]
[Round "8"]
[White "Musiolik, David"]
[Black "Neugirg, Mika"]
[Result "1-0"]
[Termination "normal"]
[Board "12"]
[WhiteElo "2291"]
[BlackElo "1781"]
[WhiteClock "00:05:13"]
[BlackClock "00:06:54"]
[PlyCount "67"]
[WhiteFideId "12972355"]
[BlackFideId "34619160"]
[EventCountry "GER"]
[EventRounds "9"]
[EventType "swiss"]
[EventDate "2023.05.27"]

1. e4 {[%emt 0:00:05]} c6 {[%emt 0:00:12]} 2. d4 {[%emt 0:00:11]} d5 {[%emt
0:00:06]} 3. e5 {[%emt 0:00:20]} c5 {[%emt 0:00:10]} 4. dxc5 {[%emt 0:00:20]}
e6 {[%emt 0:00:07]} 5. a3 {[%emt 0:00:30]} Bxc5 {[%emt 0:00:08]} 6. b4 {[%emt
0:00:17]} Be7 {[%emt 0:00:07]} 7. Nf3 {[%emt 0:00:34]} f6 {[%emt 0:00:53]} 8.
Bb2 {[%emt 0:02:51]} a5 {[%emt 0:00:43]} 9. b5 {[%emt 0:01:53]} Nd7 {[%emt
0:00:25]} 10. c4 {[%emt 0:02:00]} Nxe5 {[%emt 0:01:48]} 11. Nxe5 {[%emt
0:23:51]} fxe5 {[%emt 0:00:32]} 12. Bxe5 {[%emt 0:18:51]} Nf6 {[%emt 0:00:25]}
13. Nd2 {[%emt 0:03:43]} O-O {[%emt 0:03:28]} 14. Bd3 {[%emt 0:02:33]} b6
{[%emt 0:08:36]} 15. O-O {[%emt 0:02:30]} Bb7 {[%emt 0:10:14]} 16. Qe2 {[%emt
0:01:31]} Bd6 {[%emt 0:30:15]} 17. Bb2 Qd7 {[%emt 0:01:50]} 18. Nf3 {[%emt
0:01:57]} Rae8 {[%emt 0:07:39]} 19. Ne5 {[%emt 0:05:05]} Qc7 {[%emt 0:01:07]}
20. Rac1 {[%emt 0:03:02]} Qe7 {[%emt 0:02:49]} 21. Rc3 {[%emt 0:03:00]} Bc5
{[%emt 0:11:10]} 22. Rb3 {[%emt 0:03:53]} a4 {[%emt 0:00:48]} 23. Rc3 {[%emt
0:00:08]} Bd4 {[%emt 0:06:18]} 24. Rcc1 {[%emt 0:00:33]} Bc5 {[%emt 0:01:21]}
25. Ra1 {[%emt 0:02:44]} Qd6 {[%emt 0:04:50]} 26. Bc2 {[%emt 0:00:51]} Ra8
{[%emt 0:07:19]} 27. Ng4 {[%emt 0:01:52]} Ne4 {[%emt 0:05:04]} 28. Bxe4 {[%emt
0:00:44]} dxe4 {[%emt 0:00:08]} 29. Ne5 {[%emt 0:01:24]} Rf5 {[%emt 0:02:00]}
30. Rad1 {[%emt 0:00:39]} Qf8 {[%emt 0:04:27]} 31. Nd7 {[%emt 0:03:11]} Qe7
{[%emt 0:00:15]} 32. Nxc5 {[%emt 0:02:07]} Qxc5 {[%emt 0:00:21]} 33. Rd7 {[%emt
0:00:32]} Bc8 {[%emt 0:00:40]} 34. Rxg7+ {[%emt 0:00:11]} 1-0

[Event "DEM U18 2023"]
[Site "Willingen GER"]
[Date "2023.06.02"]
[Round "8"]
[White "Großmann, Piet"]
[Black "Plaumann, Arvin"]
[Result "0-1"]
[Termination "normal"]
[Board "13"]
[WhiteElo "1935"]
[BlackElo "1786"]
[WhiteClock "00:11:21"]
[BlackClock "00:06:35"]
[PlyCount "98"]
[WhiteFideId "16234359"]
[BlackFideId "16272927"]
[EventCountry "GER"]
[EventRounds "9"]
[EventType "swiss"]
[EventDate "2023.05.27"]

1. e4 {[%emt 0:00:03]} e5 {[%emt 0:00:03]} 2. Nf3 {[%emt 0:00:09]} Nc6 {[%emt
0:00:04]} 3. d4 {[%emt 0:00:04]} exd4 {[%emt 0:00:08]} 4. Bc4 {[%emt 0:00:06]}
Bb4+ {[%emt 0:03:07]} 5. c3 {[%emt 0:00:31]} dxc3 {[%emt 0:02:58]} 6. O-O
{[%emt 0:00:06]} d6 {[%emt 0:25:56]} 7. bxc3 {[%emt 0:34:32]} Bc5 {[%emt
0:00:28]} 8. Qb3 {[%emt 0:04:53]} Qe7 {[%emt 0:05:30]} 9. Bg5 {[%emt 0:02:25]}
Nf6 {[%emt 0:00:54]} 10. Nbd2 {[%emt 0:00:24]} O-O {[%emt 0:02:38]} 11. Bd5
{[%emt 0:02:25]} Ne5 {[%emt 0:11:14]} 12. Nxe5 {[%emt 0:01:38]} dxe5 {[%emt
0:00:29]} 13. a4 {[%emt 0:02:20]} c6 {[%emt 0:00:34]} 14. Bc4 {[%emt 0:00:04]}
h6 {[%emt 0:06:07]} 15. Bh4 {[%emt 0:00:32]} g5 {[%emt 0:04:42]} 16. Bg3 {[%emt
0:00:09]} Nh5 {[%emt 0:00:23]} 17. Rab1 {[%emt 0:04:38]} Nxg3 18. hxg3 b6
{[%emt 0:00:36]} 19. Nf3 {[%emt 0:05:45]} a6 {[%emt 0:02:18]} 20. Qa2 {[%emt
0:01:33]} Bg4 {[%emt 0:02:30]} 21. Rb2 {[%emt 0:02:48]} b5 {[%emt 0:03:38]} 22.
Bb3 {[%emt 0:00:09]} Rfd8 {[%emt 0:00:47]} 23. Bxf7+ {[%emt 0:01:00]} Kg7
{[%emt 0:03:20]} 24. Nh2 {[%emt 0:02:23]} Bd1 {[%emt 0:01:23]} 25. Bb3 {[%emt
0:00:23]} Bxb3 {[%emt 0:00:07]} 26. Qxb3 {[%emt 0:00:15]} Rd3 {[%emt 0:01:39]}
27. Qc2 {[%emt 0:02:37]} Rad8 {[%emt 0:03:00]} 28. Nf3 {[%emt 0:00:31]} Qd6
{[%emt 0:02:00]} 29. Rbb1 {[%emt 0:04:31]} Kf6 {[%emt 0:01:02]} 30. axb5 {[%emt
0:06:16]} cxb5 {[%emt 0:00:30]} 31. Ra1 {[%emt 0:00:52]} Qb6 {[%emt 0:05:13]}
32. Ra2 {[%emt 0:08:59]} a5 {[%emt 0:01:27]} 33. Rfa1 {[%emt 0:04:33]} a4
{[%emt 0:03:51]} 34. c4 {[%emt 0:00:24]} a3 {[%emt 0:02:40]} 35. cxb5 {[%emt
0:00:13]} Qxb5 {[%emt 0:00:33]} 36. Rb1 {[%emt 0:01:59]} Qxb1+ {[%emt 0:00:10]}
37. Qxb1 {[%emt 0:00:48]} Rd1+ {[%emt 0:00:04]} 38. Qxd1 {[%emt 0:00:07]} Rxd1+
{[%emt 0:00:03]} 39. Kh2 {[%emt 0:00:06]} Rf1 {[%emt 0:01:39]} 40. Rc2 {[%emt
0:01:06]} Bxf2 {[%emt 0:02:19]} 41. Rc6+ {[%emt 0:00:25]} Ke7 {[%emt 0:01:40]}
42. Ra6 {[%emt 0:00:14]} g4 {[%emt 0:00:59]} 43. Nh4 {[%emt 0:01:41]} Bg1+
{[%emt 0:00:32]} 44. Kh1 {[%emt 0:00:04]} Bc5+ {[%emt 0:00:30]} 45. Kh2 {[%emt
0:00:02]} Rf2 {[%emt 0:01:03]} 46. Nf5+ {[%emt 0:00:43]} Kd7 {[%emt 0:04:18]}
47. Nxh6 {[%emt 0:00:46]} Rf8 {[%emt 0:00:56]} 48. Nxg4 {[%emt 0:00:26]} Rh8+
{[%emt 0:00:07]} 49. Nh6 {[%emt 0:00:08]} Be3 {[%emt 0:00:25]} 0-1

[Event "DEM U18 2023"]
[Site "Willingen GER"]
[Date "2023.06.02"]
[Round "8"]
[White "May, Ben-Iven"]
[Black "Wurmbauer, Nils"]
[Result "1/2-1/2"]
[Termination "normal"]
[Board "14"]
[WhiteElo "1940"]
[BlackElo "1995"]
[WhiteClock "00:03:51"]
[BlackClock "00:02:08"]
[PlyCount "56"]
[WhiteFideId "16229673"]
[BlackFideId "16253337"]
[EventCountry "GER"]
[EventRounds "9"]
[EventType "swiss"]
[EventDate "2023.05.27"]

1. e4 {[%emt 0:00:02]} e5 {[%emt 0:00:41]} 2. Nf3 {[%emt 0:00:10]} Nc6 {[%emt
0:00:07]} 3. Bb5 {[%emt 0:00:10]} a6 {[%emt 0:01:31]} 4. Ba4 {[%emt 0:00:06]}
Nf6 {[%emt 0:00:09]} 5. O-O {[%emt 0:00:33]} Nxe4 {[%emt 0:00:38]} 6. d4 {[%emt
0:00:31]} exd4 {[%emt 0:01:02]} 7. Re1 {[%emt 0:02:09]} d5 {[%emt 0:02:03]} 8.
Nxd4 {[%emt 0:00:41]} Bd6 {[%emt 0:00:16]} 9. Be3 {[%emt 0:43:01]} O-O {[%emt
0:35:55]} 10. Bxc6 {[%emt 0:14:18]} bxc6 {[%emt 0:02:23]} 11. Nd2 {[%emt
0:02:10]} Nxd2 {[%emt 0:11:34]} 12. Qxd2 {[%emt 0:01:27]} c5 {[%emt 0:05:06]}
13. Bg5 {[%emt 0:18:52]} Qd7 {[%emt 0:07:13]} 14. Nf3 {[%emt 0:01:29]} Bb7
{[%emt 0:00:48]} 15. Bf4 {[%emt 0:02:19]} f6 {[%emt 0:07:56]} 16. Bxd6 {[%emt
0:04:11]} Qxd6 {[%emt 0:00:54]} 17. Nh4 {[%emt 0:00:09]} Rae8 {[%emt 0:09:45]}
18. Nf5 {[%emt 0:01:55]} Qd7 {[%emt 0:00:20]} 19. Ng3 {[%emt 0:01:07]} d4
{[%emt 0:02:38]} 20. b3 {[%emt 0:01:16]} Qd5 {[%emt 0:04:20]} 21. f3 {[%emt
0:00:07]} c4 {[%emt 0:03:55]} 22. Rad1 {[%emt 0:00:25]} c5 {[%emt 0:00:38]} 23.
Ne4 {[%emt 0:02:54]} cxb3 {[%emt 0:01:27]} 24. axb3 Re5 {[%emt 0:00:48]} 25.
Nf2 {[%emt 0:00:24]} Rfe8 {[%emt 0:00:20]} 26. Rxe5 {[%emt 0:00:15]} Qxe5
{[%emt 0:00:14]} 27. Nd3 {[%emt 0:00:18]} Qd6 {[%emt 0:00:24]} 28. Re1 {[%emt
0:00:59]} Rxe1+ {[%emt 0:01:26]} 1/2-1/2